Statistiques concernant Empires et Royaumes

Cliquez ici pour prendre le quiz!

Statistiques générales

  • Ce quiz a été pris 1 019 fois
    (782 depuis la dernière actualisation)
  • Le résultat moyen est 16 sur 26

Statistiques - réponses

IndicesEmpire ou Royaume correspondant% Correct
Dirigé par un TsarEmpire Russe
99%
Empire qui s'est protégé en bâtissant la Grande murailleEmpire Chinois
91%
Sa capitale était RomeEmpire Romain d'Occident
88%
L'assassinat de son hériter a déclenché la Première Guerre mondialeEmpire Austro-Hongrois
84%
Il détenait le plus vaste empire colonial au mondeEmpire Britannique
80%
La seule monarchie parmi les pays du MaghrebRoyaume du Maroc
77%
Empire amérindien disparu en 1533Empire Inca
76%
Charles Quint en fut un illustre monarqueRoyaume d'Espagne
76%
Aux portes de l'Europe, dirigé par un sultan-califeEmpire Ottoman
75%
Les victoires d'Iéna, Marengo et Austerlitz y sont attachéesPremier Empire Français
75%
Cet empire fut le plus large en superficie de l'histoireEmpire Mongol
72%
Ce que devint la Prusse en 1871 avec Guillaume IerEmpire Allemand
70%
Ancêtre de l'Iran et adversaire redoutable de l'empire romainEmpire Perse
68%
Alexandre le Grand en fut roiRoyaume de Macédoine
65%
Empire invaincu jusqu'en 1945Empire Japonais
63%
Monarchie européenne abolie par référendum en 1946Royaume d'Italie
60%
La couleur officielle de cette monarchie est le orangeRoyaume des Pays-Bas
57%
La Mecque et Médine, deux lieux saints de l'islam, s'y trouventRoyaume d'Arabie Saoudite
52%
Monarchie constitutionnelle fédérale dont l'acuel roi est Philippe IerRoyaume de Belgique
47%
La dynastie actuelle est issue du maréchal d'empire français BernadotteRoyaume de Suède
40%
Monarchie élective chargée de protéger le Saint-SiègeSaint-Empire Romain Germanique
40%
Monarchie européenne renversée par une révolution en 1910Royaume du Portugal
39%
Ancêtre du royaume de ThaïlandeSiam
36%
Angkor fut l'une des capitales de cet empire asiatiqueEmpire Khmer
28%
Il fut le premier royaume chrétien de l'histoireRoyaume d'Arménie
28%
Royaume qui précéda l'empire d'ÉthiopieRoyaume d'Aksoum
7%

Distribution des résultats

Percentile par nombre de réponses

% des personnes avec chaque résultat

Votre développement - résultats

Vous n’avez pas pris ce quiz depuis la dernière actualisation